ბათუმის შოთა რუსთაველის სახელმწიფო უნივერსიტეტის ბიბლიოთეკა

ეპოქის ავტორი: ეპოპეა წიგნი პირველი (ი.ბ. სტალინისადმი) (ბიბ.ჩანაწერი № 41763)

000 -LEADER
fixed length control field 00711nam a2200217Ia 4500
001 - CONTROL NUMBER
control field 8444
003 - CONTROL NUMBER IDENTIFIER
control field GE_BSU
008 - FIXED-LENGTH DATA ELEMENTS--GENERAL INFORMATION
fixed length control field 181216s||||||||xx |||||||||||||| ||und||
040 ## - CATALOGING SOURCE
Transcribing agency GE_BSU
080 ## - UNIVERSAL DECIMAL CLASSIFICATION NUMBER
Universal Decimal Classification number 821.353.1-11
100 ## - MAIN ENTRY--PERSONAL NAME
Personal name ეული, სანდრო
245 ## - TITLE STATEMENT
Title ეპოქის ავტორი: ეპოპეა წიგნი პირველი (ი.ბ. სტალინისადმი)
245 ## - TITLE STATEMENT
Statement of responsibility, etc. რედ.: ი. აბაშიძე
260 ## - PUBLICATION, DISTRIBUTION, ETC.
Place of publication, distribution, etc. თბილისი.
260 ## - PUBLICATION, DISTRIBUTION, ETC.
Name of publisher, distributor, etc. ფედერაცია.
260 ## - PUBLICATION, DISTRIBUTION, ETC.
Date of publication, distribution, etc. 1941
300 ## - PHYSICAL DESCRIPTION
Extent 58 გვ; 17 სმ.
653 ## - INDEX TERM--UNCONTROLLED
Uncontrolled term ეპოპეა
653 ## - INDEX TERM--UNCONTROLLED
Uncontrolled term ეპოქის ავტორი
942 ## - ADDED ENTRY ELEMENTS (KOHA)
Koha item type წიგნი
ეგზემპლარები
Withdrawn status Lost status Damaged status Not for loan Date acquired Barcode Date last seen Price effective from Koha item type
        2018-12-17 30566 2018-12-17 2018-12-17 წიგნი
        2018-12-17 30567 2018-12-17 2018-12-17 წიგნი
        2018-12-17 30568 2018-12-17 2018-12-17 წიგნი
        2018-12-17 30569 2018-12-17 2018-12-17 წიგნი